Guess the Director - '50s Edition - Statistics

General Stats
  • This quiz has been taken 18 times
  • The average score is 16 of 27
Answer Stats
Hint Answer % Correct
Rear Window Alfred Hitchcock
100%
Vertigo Alfred Hitchcock
93%
North by Northwest Alfred Hitchcock
87%
Dial M for Murder Alfred Hitchcock
80%
Strangers on a Train Alfred Hitchcock
73%
Sunset Boulevard Billy Wilder
73%
Seven Samurai Akira Kurosawa
73%
12 Angry Men Sidney Lumet
73%
Paths of Glory Stanley Kubrick
73%
Ikiru Akira Kurosawa
67%
Rashomon Akira Kurosawa
67%
Some Like It Hot Billy Wilder
67%
The Seventh Seal Ingmar Bergman
67%
The Searchers John Ford
67%
Singin' in the Rain Stanley Donen/Gene Kelly
60%
To Catch a Thief Alfred Hitchcock
53%
The Bridge on the River Kwai David Lean
53%
On the Waterfront Elia Kazan
53%
Touch of Evil Orson Welles
47%
A Streetcar Named Desire Elia Kazan
40%
All About Eve Joseph L. Mankiewicz
40%
High Noon Fred Zinnemann
33%
Rebel Without a Cause Nicholas Ray
33%
In a Lonely Place Nicholas Ray
27%
Godzilla Ishirō Honda
20%
An American in Paris Vincente Minnelli
20%
A Star is Born George Cukor
13%
No matching quizzes found
Score Distribution
Percent of People with Each Score
Percentile by Number Answered
Your Score History
You have not taken this quiz